Concientización : teoría y práctica de la liberación /

Uloženo v:
Podrobná bibliografie
Hlavní autor: Freire, Paulo (autor)
Další autoři: Lora, Cecilio de (presentación) (presentación)
Médium: Kniha
Jazyk:španělština
Vydáno: Bogotá, Colombia : Asociación de Publicaciones Educativas, 1972, c1972
Edice:(Educación Hoy. Perspectivas Latinoamericanas ; 4)
Témata:
Tagy: Přidat tag
Žádné tagy, Buďte první, kdo vytvoří štítek k tomuto záznamu!

MARC

LEADER 00000nam^a2200000^a^4500
001 000287521
005 20250521000000.0
009 20260310111840.28
037 |a Acervo Xavier Clavigero 
041 |a ESP 
082 |a 370. 19  |b FRE OBR CON 
100 |a Freire, Paulo  |e (autor) 
245 1 0 |a Concientización :  |b teoría y práctica de la liberación /  |c P. Freire ; presen. de C. de Lora ; tr. por María Agudelo. 
264 4 |a Bogotá, Colombia :  |b Asociación de Publicaciones Educativas,  |c 1972, c1972 
300 |a 107 p. 
336 |a texto  |b txt  |2 rdacontenido 
337 |a sin mediación  |b n  |2 rdamedio 
338 |a volumen  |b nc  |2 rdasoporte 
440 1 |a (Educación Hoy.  |p Perspectivas Latinoamericanas ;  |v 4) 
649 |a XX 
650 |a Alfabetización 
650 |a Intervención Social 
650 |a Educación y Promoción Popular -  |x Tema Principal 
650 |a Educación y Sociedad 
650 |a Sociología de la Educación 
700 |a Lora, Cecilio de  |e (presentación) 
910 |a Fondo General 
920 |a Impresos - Libros 
930 |a Colección General 
905 |a 101 
901 |a 032346  |b IT1  |c ACC  |i 000054  |u 20250521 
901 |a 046649  |b IT1  |c ACC  |u 20250521 
901 |a 003165  |b IT1  |c ACC  |u 20250521 
902 |a https://opac.biblio.iteso.mx/vufind/Record/000287521